Statistics for Prefectures of the Central African Republic

Click here to take the quiz!

General Stats

  • This quiz has been taken 442 times
  • The average score is 9 of 17

Answers on the Map

Answers color-coded by a green-red scale on the quiz's map according to % correct below.
 

Answer Stats

Prefecture% Correct
Bangui
95%
Haute-Kotto
54%
Sangha-Mbaéré
54%
Basse-Kotto
52%
Mbomou
51%
Haut-Mbomou
49%
Vakaga
49%
Kémo
48%
Ouaka
48%
Ouham
48%
Bamingui-Bangoran
47%
Lobaye
46%
Nana-Mambéré
45%
Ombella-M'Poko
45%
Nana-Grébizi
44%
Ouham-Pendé
44%
Mambéré-Kadéï
39%

Score Distribution

Percentile by Number Answered

Percent of People with Each Score

Your Score History

You have not taken this quiz